Загадките на тамплиерите (Запис номер 64927)
[ съкратено ]
| 000 -Лидер | |
|---|---|
| Контролно поле с фиксирана дължина | 02469nam a2200457 c 4500 |
| 003 - Код на организацията, давaща контролен номер | |
| Контролно поле | BLK |
| 005 - Дата и час на последна редакция | |
| Контролно поле | 20250218102902.0 |
| 008 - Елементи от данни с фиксирана дължина | |
| fixed length control field | 180408b bul|||||r ||||||| ||bul|| |
| 010 ## - Наследен системен номер | |
| LC control number | KNG00069199000 |
| 020 ## - Международен стандартен номер на книга ISBN | |
| Международен стандартен номер на книга ISBN | 954-733-481-6 |
| -- | издат.: Прозорец |
| 040 ## - Източник на каталожния запис | |
| Идентификатор на билиотеката - собственик на записа | BLK |
| 041 ## - Код за език | |
| Код за езика на текст/звукозапис или на отделно заглавие | Български |
| Код за езика КДБФ | Български |
| 080 ## - УДК | |
| Текстов определител УДК | Организации, асоциации, движения със специални цели и/или области на дейност. Професионални асоциации(Ку-клукс-клан, масони, окултни движения, орден на тамплиерите). |
| УДК код - определител по УДК | 061.23 |
| УДК определител | (091)(02.062) |
| УДК - код + определител | 061.23(091)(02.062) |
| 080 ## - УДК | |
| Текстов определител УДК | Християнски монашески ордени. Манастири. Монаси. Отшелници |
| УДК код - определител по УДК | 27-788 |
| УДК определител | |
| УДК - код + определител | 27-788 |
| 080 ## - УДК | |
| Текстов определител УДК | Религиозни гонения. Мъченици. Схизми. Ереси. Гностицизъм, агностицизъм, арианство, янсенизъм, исихазъм. Вж и 165.73; 211.5 |
| УДК код - определител по УДК | 272/273 |
| УДК определител | |
| УДК - код + определител | 272/273 |
| 139 ## - Редно поле | |
| Редна дума | Олсен, Одвар |
| Авторски знак | Олн - О 51 |
| 245 10 - Сведения за заглавието | |
| Заглавие | Загадките на тамплиерите |
| Подзаглавни данни | Митове и истини по пътя към Свещения Граал |
| Редно поле (дума) | състав. Одвар Олсен; прев. Димитър Илиев. |
| 257 ## - Страна на издаване | |
| Страна на създаване/издаване | Великобритания |
| 260 ## - Област на издателските данни | |
| -- | София |
| Име на издателя, разпространителя и проч. | Прозорец |
| Година на издаване | 2006 |
| Печатница | София : Инвестпрес |
| 300 ## - Физическа характеристика | |
| Страници | 263 с. |
| Илюстрации и др. | с ил. |
| Размери/Мащаб | 20 см |
| 380 ## - Жанр | |
| Жанр | Общ отдел |
| 490 1# - СЕРИИ (Колекции) | |
| Име на серия | Поредица Хроника |
| 500 ## - Общи забележки | |
| Забележка | Ориг. загл. The Templar Papers / Oddvar Olsen. - Офс. изд. - Библиогр. с. 257-263. |
| 650 #4 - Допълнително описание по предмет – тема | |
| Основно описание – тема или топоним | Тамплиери - Франция - история |
| 9 (RLIN) | 292246 |
| 650 #4 - Допълнително описание по предмет – тема | |
| Основно описание – тема или топоним | Тайни общества, религиозни |
| 9 (RLIN) | 266145 |
| 650 #4 - Допълнително описание по предмет – тема | |
| Основно описание – тема или топоним | Религиозни ордени - Западна Европа - история |
| 9 (RLIN) | 256729 |
| 651 #0 - Допълнително описание по предмет - топоним | |
| Географско понятие | Западна Европа |
| 9 (RLIN) | 243454 |
| 653 ## - Ключова дума – ненормативна | |
| Ключова дума | тамплиери |
| 653 ## - Ключова дума – ненормативна | |
| Ключова дума | религиозни ордени |
| 653 ## - Ключова дума – ненормативна | |
| Ключова дума | тайни общества |
| 653 ## - Ключова дума – ненормативна | |
| Ключова дума | ереси |
| 653 ## - Ключова дума – ненормативна | |
| Ключова дума | история |
| 700 1# - Други автори (авторска отговорност) | |
| Лично име | Олсен, Одвар |
| Автороска отговорност (Описва отношението между автора и произведението) | състав. |
| 9 (RLIN) | 104665 |
| 700 1# - Други автори (авторска отговорност) | |
| Лично име | Илиев, Димитър |
| Автороска отговорност (Описва отношението между автора и произведението) | прев. |
| 9 (RLIN) | 364097 |
| 852 ## - Местоположение | |
| Форматна сигнатура | Цб 229918 |
| 856 4# - Електронен адрес и достъп | |
| Електронен формат | pdf - файл |
| Път до файла /url/ | |
| 856 4# - Електронен адрес и достъп | |
| Електронен формат | pdf - файл |
| Път до файла /url/ | |
| 942 ## - АРТИКУЛИ | |
| Вид на библиотечния материал | Книги |
| Скрит в OPAC | Не |
| Koha issues (borrowed), all copies | 6 |
| 944 ## - СЪЗДАВАНЕ И РЕДАКЦИЯ на ЗАПИСА | |
| Създаване/Редакция | Създаване |
| Дата на регистрацията/редакция | 07.11.2006 |
| Статус, дата на статуса | Геновева Генчева |
| Служител, извършил регистрацията/редакцията | 30560 |
| 944 ## - СЪЗДАВАНЕ И РЕДАКЦИЯ на ЗАПИСА | |
| Създаване/Редакция | Редакция |
| Дата на регистрацията/редакция | 19.10.2012 |
| Статус, дата на статуса | ф / |
| Служител, извършил регистрацията/редакцията | |
| 999 ## - СИСТЕМНИ КОНТРОЛНИ НОМЕРА | |
| Koha biblionumber | 64927 |
| Koha biblioitemnumber | 64927 |
| Код за отписване | Код за изгубен артикул | Източник на класификационната схема | Код за повреда | Коз за рестрикции | Код за отдаване | Артикулен № | Име на библиотеката - собственик | Име на библиотеката, в която се намира в момента | Статус (Текущо местоположение) | Дата на вписване в системата | Местоположение - отдел | Цена в лева | Инвентарен номер | Систематично азбучна сигнатура | Баркод | Номер на екземпляра | Цена в евро | Служебна бележка | Служебен тип на артикула |
|---|---|---|---|---|---|---|---|---|---|---|---|---|---|---|---|---|---|---|---|
| Не е изгубен | Universal Decimal Classification | Не е повреден | без рестрикции | заемане за дома | 107174 | Регионална библиотека "Любен Каравелов" Русе | Регионална библиотека "Любен Каравелов" Русе | Заемна - подръчен фонд | 2006-11-07 | Заемна - подръчен фонд | 9.80 | 120000706466 | П 06/О 51 | 120000706466 | 1 | 5.01 | Дост: Pk Вид: Ф N: 19 Дата: 07.11.2006 Дата инв: 01.02.2018 Бележки инв: П2018 | Книги | |
| Не е изгубен | Не е повреден | без рестрикции | ползва се в читалня | 107175 | Регионална библиотека "Любен Каравелов" Русе | Регионална библиотека "Любен Каравелов" Русе | Хранилище | 2007-06-11 | Хранилище | 9.80 | 120000714391 | Цб 229918 | 120000714391 | 2 | 5.01 | Дост: Dp Вид: Д N: 3 Дата: 06.12.2006 | Книги | ||
| Не е изгубен | Не е повреден | без рестрикции | заемане за дома | 107176 | Регионална библиотека "Любен Каравелов" Русе | Регионална библиотека "Любен Каравелов" Русе | Заемна - подръчен фонд | 2012-10-19 | Заемна - подръчен фонд | 9.80 | 120000760575 | П 06/О 51 | 120000760575 | 3 | 5.01 | Дост: DA Вид: А N: 19 Дата: 19.10.2012 Дата инв: 20.02.2018 Бележки инв: П2018 | Книги |